RICS Construction Market Survey (Record no. 118803)

MARC details
000 -LEADER
fixed length control field 01175cas a22002415a 4500
001 - CONTROL NUMBER
control field L129930
008 - FIXED-LENGTH DATA ELEMENTS--GENERAL INFORMATION
fixed length control field 050606c1995 xxkqr p 0 a0eng u
022 1# - INTERNATIONAL STANDARD SERIAL NUMBER
International Standard Serial Number 1465-1041
035 ## - SYSTEM CONTROL NUMBER
System control number (Sirsi) u129930
041 0# - LANGUAGE CODE
Language code of text/sound track or separate title eng
110 2# - MAIN ENTRY--CORPORATE NAME
Corporate name or jurisdiction name as entry element Royal Institution of Chartered Surveyors
Subordinate unit Public Affairs
9 (RLIN) 4679
240 1# - UNIFORM TITLE
Uniform title RICS Construction Market Survey United Kingdom
245 00 - TITLE STATEMENT
Title RICS Construction Market Survey
260 ## - PUBLICATION, DISTRIBUTION, ETC.
Place of publication, distribution, etc. London
Name of publisher, distributor, etc. RICS
Date of publication, distribution, etc. [1995]-
362 0# - DATES OF PUBLICATION AND/OR SEQUENTIAL DESIGNATION
Dates of publication and/or sequential designation London: October/December 1995-
362 0# - DATES OF PUBLICATION AND/OR SEQUENTIAL DESIGNATION
Dates of publication and/or sequential designation Edinburgh: July/September 1996-
520 ## - SUMMARY, ETC.
Summary, etc. Quarterly survey of RICS members providing details of total workloads, expected workloads, expected employment, expected profit margins and labour availability nationally. Reports on activity within the public and private housing, the private commercial and industrial, and the public non-housing and infrastructure sectors. Includes workload information for each region and a summary of market comments from chartered surveyors.
554 ## -
-- Four per year
650 ## - SUBJECT ADDED ENTRY--TOPICAL TERM
Topical term or geographic name entry element RICS CONSTRUCTION MARKET SURVEY UNITED KINGDOM
651 #4 - SUBJECT ADDED ENTRY--GEOGRAPHIC NAME
Geographic name United Kingdom
Chronological subdivision
690 ## - LOCAL SUBJECT ADDED ENTRY--TOPICAL TERM (OCLC, RLIN)
Topical term or geographic name as entry element BUILT ENVIRONMENT-CONSTRUCTION MARKET
942 ## - ADDED ENTRY ELEMENTS (KOHA)
Suppress in OPAC 0
Holdings
Withdrawn status Lost status Source of classification or shelving scheme Damaged status Not for loan Home library Current library Shelving location Date acquired Total Checkouts Full call number Barcode Date last seen Price effective from Koha item type Copy number
    Dewey Decimal Classification     London London Gallery 06/06/2005   RICS CONSTRUCTION MARKET SURVEY 129930-1001 06/08/2019 06/08/2019 Journal  
    Dewey Decimal Classification     London London Basement 06/12/2007   RICS CONSTRUCTION MARKET SURVEY 129930-1002 06/08/2019 06/08/2019 Journal  
    Dewey Decimal Classification     London London Basement 06/12/2007   RICS CONSTRUCTION MARKET SURVEY 129930-1003 06/08/2019 06/08/2019 Journal  
    Dewey Decimal Classification     Virtual Virtual Online 15/08/2005   ONLINE PUBLICATION 129930-3001 06/08/2019 06/08/2019 Book 1